[Event "Geller Memorial op-B 7th"]
[Site "Odessa"]
[Date "2011.08.24"]
[Round "5"]
[White "Gorgola, Georgiy"]
[Black "Tribuntsov, Vladimir"]
[Result "1-0"]
[WhiteElo "2051"]
[BlackElo "2031"]
[PlyCount "44"]
[EventDate "2011.08.20"]
[EventType "swiss"]
[EventRounds "9"]
[EventCountry "UKR"]
[SourceTitle "EXT 2014"]
[Source "ChessBase"]
[SourceDate "2013.11.20"]
[SourceVersion "1"]
[SourceVersionDate "2013.11.20"]
[SourceQuality "1"]

1. d4 d5 2. c4 e6 3. Nf3 Nf6 4. g3 Nbd7 5. Bg2 Bb4+ 6. Bd2 Bxd2+ 7. Nbxd2 0-0 8. Qc2 c6 9. 0-0 Re8 10. Rfe1 h6 11. Rac1 e5 12. cxd5 Nxd5 13. e4 N5b6 14. Rcd1 exd4 15. Nb3 Nf6 16. Nfxd4 Qe7 17. a3 Bg4 18. f3 Bh5 19. Nf5 Qc7 20. Rd3 Bg6 21. Nfd4 Red8 22. Red1 Nbd5 1-0

[Event "Myrhorod op"]
[Site "Myrhorod"]
[Date "2010.07.11"]
[Round "5"]
[White "Gorgola, Georgiy"]
[Black "Solovchuk, Alexey"]
[Result "0-1"]
[WhiteElo "2050"]
[BlackElo "2304"]
[PlyCount "72"]
[EventDate "2010.07.09"]
[EventType "swiss"]
[EventRounds "9"]
[EventCountry "UKR"]
[SourceTitle "CBM 137 Extra"]
[Source "ChessBase"]
[SourceDate "2010.09.01"]
[SourceVersion "1"]
[SourceVersionDate "2010.09.01"]
[SourceQuality "1"]

1. d4 Nf6 2. c4 e6 3. Nc3 Bb4 4. Qc2 c5 5. e3 b6 6. a3 Bxc3+ 7. bxc3 Nc6 8. Nf3 Qe7 9. Be2 e5 10. 0-0 e4 11. Ne1 Ba6 12. f3 0-0-0 13. a4 Na5 14. Qa2 Qe6 15. d5 Qe5 16. Bd2 Nxd5 17. Rc1 Nf6 18. Nc2 d5 19. Na3 dxc4 20. Rcd1 Qe6 21. f4 g6 22. Be1 Rxd1 23. Bxd1 Rd8 24. Bh4 Rd3 25. Nb1 Nd5 26. Be2 Rxe3 27. Bf2 Nxc3 28. Nxc3 Rxc3 29. Qd2 Rb3 30. Bxc5 e3 31. Qe1 Nc6 32. Bf8 Nd4 33. Bg7 Nxe2+ 34. Qxe2 h5 35. Be5 Qd5 36. Rd1 Rd3 0-1